[Event "Itau Cup 8th"]
[Site "Sao Paulo"]
[Date "2004.09.26"]
[Round "3"]
[White "Lebredo Zarragoitia, Gerardo"]
[Black "Rodriguez Vila, Andres"]
[Result "1-0"]
[WhiteElo "2285"]
[BlackElo "2567"]
[PlyCount "41"]
[EventDate "2004.09.04"]
[EventType "swiss"]
[EventRounds "9"]
[EventCountry "BRA"]
[SourceTitle "CBM 102 Extra"]
[Source "ChessBase"]
[SourceDate "2004.11.03"]
[SourceVersion "1"]
[SourceVersionDate "2004.11.03"]
[SourceQuality "1"]

1. Nf3 f5 2. b3 d6 3. d4 g6 4. Bb2 Bg7 5. g3 Nh6 6. Bg2 O-O 7. O-O Nc6 8. Nc3
Qe8 9. Nb5 Qd7 10. c4 Nf7 11. Rb1 a6 12. Nc3 e5 13. dxe5 Nfxe5 14. Nxe5 Nxe5
15. Nd5 Rb8 16. f4 Ng4 17. h3 Bxb2 18. Rxb2 Qg7 19. Rc2 Nf6 20. Qd4 Ne8 21. Qa7
1-0

[Event "Itau Cup 8th"]
[Site "Sao Paulo"]
[Date "2004.09.27"]
[Round "4"]
[White "Rodriguez Vila, Andres"]
[Black "Galindo, Vinicius Lemos"]
[Result "1-0"]
[WhiteElo "2567"]
[BlackElo "2108"]
[PlyCount "77"]
[EventDate "2004.09.04"]
[EventType "swiss"]
[EventRounds "9"]
[EventCountry "BRA"]
[SourceTitle "CBM 102 Extra"]
[Source "ChessBase"]
[SourceDate "2004.11.03"]
[SourceVersion "1"]
[SourceVersionDate "2004.11.03"]
[SourceQuality "1"]

1. e4 c5 2. Nf3 Nc6 3. d4 cxd4 4. Nxd4 Nf6 5. Nc3 e5 6. Ndb5 d6 7. Nd5 Nxd5 8.
exd5 Nb8 9. c4 a6 10. Nc3 Be7 11. Bd3 O-O 12. O-O f5 13. f3 Nd7 14. Be3 Bg5 15.
Bf2 Qf6 16. Qc2 Nc5 17. Be2 Qh6 18. b4 Nd7 19. c5 Bf4 20. g3 Be3 21. c6 Nf6 22.
Rad1 Bxf2+ 23. Rxf2 f4 24. g4 Qg5 25. Rg2 b5 26. Kh1 Nxg4 27. Rdg1 Qh4 28. Rxg4
Bxg4 29. Rxg4 Qe1+ 30. Rg1 Qf2 31. Ne4 Qd4 32. Ng5 e4 33. Ne6 Qxd5 34. Nxf8
Rxf8 35. Qxe4 Qxe4 36. fxe4 f3 37. Bd1 f2 38. Bb3+ Kh8 39. Rf1 1-0

[Event "Itau Cup 8th"]
[Site "Sao Paulo"]
[Date "2004.09.29"]
[Round "6"]
[White "Rodriguez Vila, Andres"]
[Black "Lima, Darcy Gustavo Macha"]
[Result "1/2-1/2"]
[WhiteElo "2567"]
[BlackElo "2545"]
[PlyCount "134"]
[EventDate "2004.09.04"]
[EventType "swiss"]
[EventRounds "9"]
[EventCountry "BRA"]
[SourceTitle "CBM 102 Extra"]
[Source "ChessBase"]
[SourceDate "2004.11.03"]
[SourceVersion "1"]
[SourceVersionDate "2004.11.03"]
[SourceQuality "1"]

1. e4 e5 2. Nf3 Nc6 3. Bc4 Nf6 4. d3 Be7 5. O-O O-O 6. Re1 d6 7. c3 Na5 8. Bb5
a6 9. Ba4 b5 10. Bc2 c5 11. Nbd2 Nc6 12. Nf1 Re8 13. h3 Bb7 14. Ng3 Bf8 15. Nf5
Ne7 16. Nxe7+ Bxe7 17. d4 Qc7 18. a4 Bc6 19. Bg5 h6 20. Bh4 Rad8 21. Bg3 Bf8
22. Qb1 Nh5 23. Bh2 g6 24. Qa2 Ra8 25. Rad1 Bg7 26. Qa3 Qe7 27. Rd2 b4 28. Qa2
bxc3 29. bxc3 cxd4 30. cxd4 Qf6 31. Qc4 Bb7 32. dxe5 dxe5 33. Qc7 Qc6 34. Rd7
Qxc7 35. Rxc7 Bc8 36. a5 Be6 37. Bxe5 Rac8 38. Rxc8 Rxc8 39. Bxg7 Kxg7 40. Bd3
Rc3 41. Bxa6 Ra3 42. Nd4 Rxa5 43. Bf1 Nf4 44. Nxe6+ Nxe6 45. g3 Rc5 46. Bg2 Nd4
47. Rd1 Rc1 48. Rxc1 Ne2+ 49. Kf1 Nxc1 50. Ke1 g5 51. Kd2 Nb3+ 52. Kc3 Nc5 53.
Kd4 Ne6+ 54. Ke5 Nf8 55. Bf3 f6+ 56. Kd6 Ng6 57. Bh5 Ne5 58. Be2 Nf7+ 59. Ke6
Ne5 60. Bh5 Nd3 61. f3 Nf2 62. h4 Nh1 63. hxg5 hxg5 64. g4 Ng3 65. Be8 Ne2 66.
Kd5 Ng1 67. e5 fxe5 1/2-1/2

[Event "Itau Cup 8th"]
[Site "Sao Paulo"]
[Date "2004.09.30"]
[Round "7"]
[White "Aranha Filho, Alvaro Zimmermann"]
[Black "Rodriguez Vila, Andres"]
[Result "1/2-1/2"]
[WhiteElo "2287"]
[BlackElo "2567"]
[PlyCount "163"]
[EventDate "2004.09.04"]
[EventType "swiss"]
[EventRounds "9"]
[EventCountry "BRA"]
[SourceTitle "CBM 102 Extra"]
[Source "ChessBase"]
[SourceDate "2004.11.03"]
[SourceVersion "1"]
[SourceVersionDate "2004.11.03"]
[SourceQuality "1"]

1. d4 e6 2. Nf3 Nf6 3. Bg5 b6 4. Nbd2 Bb7 5. e3 c5 6. c3 Be7 7. Bd3 O-O 8. O-O
d6 9. Qe2 Nd5 10. Bxe7 Qxe7 11. a3 e5 12. dxe5 dxe5 13. Be4 f5 14. Bxd5+ Bxd5
15. e4 fxe4 16. Nxe4 Rf4 17. Nfd2 Nc6 18. f3 Qe6 19. b4 c4 20. Kh1 Ne7 21. Ng5
Qf6 22. Nge4 Qc6 23. a4 Ng6 24. a5 Rff8 25. g3 h6 26. Qe3 Be6 27. Rfd1 Qc7 28.
Kg1 Ne7 29. Qe2 Rad8 30. Nf1 Rxd1 31. Qxd1 Rd8 32. Qe2 Rd3 33. axb6 axb6 34.
Rd1 Qd8 35. Nf2 Rxd1 36. Qxd1 Nd5 37. Ne3 Qa8 38. Qd2 Qa1+ 39. Ned1 Qb1 40. Kg2
Qf5 41. Qe2 Qg5 42. Kh1 b5 43. Qe4 Nf6 44. Qe2 Bd5 45. Ne4 Nxe4 46. fxe4 Bc6
47. Kg2 Qc1 48. Qg4 Qd2+ 49. Nf2 Qd8 50. Qe6+ Kh7 51. Qxc6 Qd2 52. Qxb5 Qxc3
53. Qc5 Qb3 54. Qxe5 c3 55. Qf5+ Kh8 56. Qd5 Qb1 57. Qc4 c2 58. Nd3 Qd1 59.
Qc8+ Kh7 60. Qf5+ Kg8 61. Qf3 Qd2+ 62. Kh3 Qd1 63. Qe3 Qf1+ 64. Kg4 Qd1+ 65.
Kf5 Qxd3 66. Qxd3 c1=Q 67. b5 Qb2 68. Qd5+ Kh7 69. Ke6 Qxh2 70. Qf5+ Kg8 71.
Qf7+ Kh7 72. Qf5+ Kg8 73. Qe5 Qf2 74. Qd6 Qf7+ 75. Ke5 Qh5+ 76. Kd4 Qxb5 77.
Qd5+ Qxd5+ 78. Kxd5 Kf7 79. Kd6 h5 80. Kd7 Kf6 81. Kd6 Kf7 82. Kd7 1/2-1/2

[Event "Itau Cup 8th"]
[Site "Sao Paulo"]
[Date "2004.10.02"]
[Round "9"]
[White "Caldeira, Adriano"]
[Black "Rodriguez Vila, Andres"]
[Result "0-1"]
[WhiteElo "2291"]
[BlackElo "2567"]
[PlyCount "78"]
[EventDate "2004.09.04"]
[EventType "swiss"]
[EventRounds "9"]
[EventCountry "BRA"]
[SourceTitle "CBM 102 Extra"]
[Source "ChessBase"]
[SourceDate "2004.11.03"]
[SourceVersion "1"]
[SourceVersionDate "2004.11.03"]
[SourceQuality "1"]

1. d4 e6 2. c4 Nf6 3. Nc3 Bb4 4. e3 b6 5. a3 Bxc3+ 6. bxc3 O-O 7. Bd3 c5 8. e4
Bb7 9. Qe2 d6 10. Nf3 e5 11. d5 Ne8 12. O-O Bc8 13. Ne1 Qe7 14. f4 exf4 15.
Bxf4 Nd7 16. Nf3 Ne5 17. h3 f6 18. Nd2 g6 19. Rf2 Ng7 20. Bc2 Bd7 21. Raf1 Rf7
22. Bh2 Raf8 23. Nf3 Qe8 24. Nxe5 dxe5 25. Rf3 Qe7 26. Bg3 Ne8 27. Bf2 Nd6 28.
Be3 Kh8 29. Kh2 f5 30. Bh6 Rg8 31. exf5 gxf5 32. Re1 Re8 33. Rg3 f4 34. Rg5 Qf6
35. Rh5 e4 36. Qf2 Qg6 37. Qh4 Nf5 38. Qg5 Nxh6 39. Qxh6 Qg3+ 0-1

[Event "Calvia op 1st"]
[Site "Calvia"]
[Date "2004.11.01"]
[Round "1"]
[White "Rodriguez Vila, Andres"]
[Black "Juan Mas, Santiago"]
[Result "1-0"]
[WhiteElo "2533"]
[BlackElo "2065"]
[PlyCount "27"]
[EventDate "2004.11.01"]
[EventType "swiss"]
[EventRounds "9"]
[EventCountry "ESP"]
[SourceTitle "EXT 2005"]
[Source "ChessBase"]
[SourceDate "2004.11.15"]
[SourceVersion "1"]
[SourceVersionDate "2004.11.15"]
[SourceQuality "1"]

1. e4 e5 2. Nf3 Nc6 3. Bc4 Bc5 4. c3 Nf6 5. d3 d6 6. h3 a6 7. Bb3 d5 8. exd5
Nxd5 9. O-O O-O 10. Re1 Qd6 11. Nbd2 Bf5 12. Nc4 Qf6 13. Ncxe5 Nb6 14. Bg5 1-0

[Event "Calvia op 1st"]
[Site "Calvia"]
[Date "2004.11.03"]
[Round "3"]
[White "Rodriguez Vila, Andres"]
[Black "Garcia Martinez, Silvino"]
[Result "1-0"]
[WhiteElo "2533"]
[BlackElo "2374"]
[PlyCount "57"]
[EventDate "2004.11.01"]
[EventType "swiss"]
[EventRounds "9"]
[EventCountry "ESP"]
[SourceTitle "EXT 2005"]
[Source "ChessBase"]
[SourceDate "2004.11.15"]
[SourceVersion "1"]
[SourceVersionDate "2004.11.15"]
[SourceQuality "1"]

1. e4 c5 2. Nc3 d6 3. g3 Nc6 4. Bg2 g6 5. d3 Bg7 6. f4 Bd7 7. Nf3 Nd4 8. O-O
Bc6 9. Nxd4 cxd4 10. Ne2 f5 11. exf5 gxf5 12. Bxc6+ bxc6 13. Kh1 Qd7 14. Ng1
Nh6 15. Qh5+ Nf7 16. Nf3 O-O 17. Bd2 Rab8 18. b3 Rb5 19. Rf2 Rc5 20. Bb4 Rd5
21. Re1 a5 22. Bd2 e5 23. Qh3 Qc8 24. Nh4 exf4 25. gxf4 Nh6 26. Rg2 Re8 27. Qg3
Rxe1+ 28. Qxe1 Rb5 29. Qg1 {#} 1-0

[Event "Calvia op 1st"]
[Site "Calvia"]
[Date "2004.11.04"]
[Round "4"]
[White "Wohl, Aleksandar H"]
[Black "Rodriguez Vila, Andres"]
[Result "0-1"]
[WhiteElo "2359"]
[BlackElo "2533"]
[PlyCount "220"]
[EventDate "2004.11.01"]
[EventType "swiss"]
[EventRounds "9"]
[EventCountry "ESP"]
[SourceTitle "EXT 2005"]
[Source "ChessBase"]
[SourceDate "2004.11.15"]
[SourceVersion "1"]
[SourceVersionDate "2004.11.15"]
[SourceQuality "1"]

1. Nf3 f5 2. c4 Nf6 3. g3 d6 4. d4 g6 5. Bg2 Bg7 6. Nc3 O-O 7. O-O Nc6 8. d5
Na5 9. Qa4 b6 10. Qc2 Bd7 11. b3 c5 12. dxc6 Bxc6 13. Bb2 e6 14. Rad1 Qe7 15.
Nd4 Bxg2 16. Kxg2 Rac8 17. Ndb5 Rfd8 18. Ba3 Ne8 19. e4 Nc6 20. Ne2 Ne5 21. Nf4
g5 22. Nd3 Nf3 23. Kxf3 fxe4+ 24. Kg2 a6 25. Nc3 exd3 26. Qxd3 b5 27. Ne4 bxc4
28. bxc4 Rc6 29. Rfe1 h6 30. Nd2 Qf7 31. Nb3 d5 32. Na5 Rcc8 33. Qe2 Bc3 34.
Qxe6 Bxa5 35. Qxf7+ Kxf7 36. Re7+ Kg8 37. cxd5 Rc2 38. Re6 Rxa2 39. Be7 Rd7 40.
Bc5 Nc7 41. Rxh6 Nxd5 42. Rb1 Bc3 43. Rb8+ Kg7 44. Rc6 Bf6 45. Kf3 Ra1 46. h3
Rf7 47. Kg2 a5 48. Ra8 Ra2 49. Rca6 Bc3 50. Rd8 Nf6 51. Be3 Ne4 52. Ra7 Rxa7
53. Bxa7 a4 54. Kf3 Nf6 55. Rc8 Ra3 56. Ke2 Rb3 57. Be3 a3 58. Ra8 Kg6 59. Kd1
Bb2 60. Kc2 Rb5 61. Ra6 Kf5 62. f3 Nd5 63. Bd2 Nc7 64. Ra7 Ne6 65. h4 gxh4 66.
gxh4 Nd4+ 67. Kd3 Nxf3 68. Bh6 Ne5+ 69. Kc2 Nc6 70. Ra4 Nb4+ 71. Kb1 Nd5 72.
Bd2 Bc3+ 73. Kc1 Bb2+ 74. Kc2 Nb6 75. Ra6 Nc4 76. h5 Nxd2 77. Kxd2 Kg5 78. h6
Rb7 79. Kc2 Rh7 80. Kb3 Rxh6 81. Ra8 Rb6+ 82. Ka2 Kf4 83. Re8 Rb5 84. Re1 Re5
85. Rh1 Ke3 86. Kb3 Kd2 87. Ka2 Re3 88. Rg1 Re8 89. Rh1 Re2 90. Rh7 Kc2 91. Rd7
Rd2 92. Rd8 Bc1 93. Rb8 Kc3+ 94. Ka1 Rd4 95. Ka2 Rd2+ 96. Ka1 Bb2+ 97. Ka2 Rd1
98. Rc8+ Kd2 99. Kb3 Rb1 100. Ka2 Ra1+ 101. Kb3 Bd4 102. Rc2+ Kd3 103. Rh2 Bc5
104. Rh3+ Kd4 105. Rh4+ Kd5 106. Rh5+ Kc6 107. Rh6+ Kb5 108. Rh5 Rb1+ 109. Ka2
Rb2+ 110. Ka1 Rd2 0-1

[Event "Calvia op 1st"]
[Site "Calvia"]
[Date "2004.11.05"]
[Round "5"]
[White "Felgaer, Ruben Alejandro"]
[Black "Rodriguez Vila, Andres"]
[Result "1/2-1/2"]
[WhiteElo "2569"]
[BlackElo "2533"]
[PlyCount "72"]
[EventDate "2004.11.01"]
[EventType "swiss"]
[EventRounds "9"]
[EventCountry "ESP"]
[SourceTitle "EXT 2005"]
[Source "ChessBase"]
[SourceDate "2004.11.15"]
[SourceVersion "1"]
[SourceVersionDate "2004.11.15"]
[SourceQuality "1"]

1. e4 e6 2. d4 d5 3. Nc3 Bb4 4. e5 Ne7 5. Bd3 c5 6. dxc5 d4 7. a3 Ba5 8. b4
dxc3 9. bxa5 Nd7 10. Nf3 Nxc5 11. Bb5+ Bd7 12. Be3 Qxa5 13. Bxc5 Qxb5 14. Bxe7
Kxe7 15. Rb1 Qc4 16. Qd6+ Ke8 17. Rb4 Qc6 18. Qd3 Qa6 19. Qxa6 bxa6 20. Rb3 Rc8
21. Rb7 Ke7 22. Ke2 Rhd8 23. Ke3 Rc5 24. Rd1 Ke8 25. Rxa7 Ba4 26. Rxd8+ Kxd8
27. Kd4 Rc6 28. Kd3 Bb5+ 29. Ke3 Ke8 30. Nd4 Rc5 31. f4 Bc4 32. Nf3 h6 33. Kd4
Rc6 34. Ra8+ Ke7 35. Ra7+ Kf8 36. Ra8+ Ke7 1/2-1/2

[Event "Calvia op 1st"]
[Site "Calvia"]
[Date "2004.11.06"]
[Round "6"]
[White "Rodriguez Vila, Andres"]
[Black "Vasquez Schroder, Rodrigo Rafael"]
[Result "0-1"]
[WhiteElo "2533"]
[BlackElo "2546"]
[PlyCount "76"]
[EventDate "2004.11.01"]
[EventType "swiss"]
[EventRounds "9"]
[EventCountry "ESP"]
[SourceTitle "EXT 2005"]
[Source "ChessBase"]
[SourceDate "2004.11.15"]
[SourceVersion "1"]
[SourceVersionDate "2004.11.15"]
[SourceQuality "1"]

1. e4 c5 2. Nc3 Nc6 3. Nge2 d6 4. d4 cxd4 5. Nxd4 Nf6 6. f3 e5 7. Nb3 Be7 8.
Be3 Be6 9. Qd2 O-O 10. Nd5 Bxd5 11. exd5 Nb8 12. O-O-O a5 13. Kb1 Nbd7 14. g4
a4 15. Nc1 Nb6 16. c4 Qc7 17. Qb4 Nfd7 18. h4 Rfc8 19. Qb5 e4 20. g5 exf3 21.
Bd4 Nc5 22. Bh3 Re8 23. Rhf1 Nbd7 24. Rxf3 Ne5 25. Re3 Bf8 26. Bxc5 dxc5 27.
Rde1 Re7 28. Rd1 Qd6 29. Nd3 Nxd3 30. Rexd3 a3 31. Rb3 Qg6+ 32. Ka1 Qc2 33. Rb1
g6 34. d6 Re2 35. d7 axb2+ 36. R3xb2 Bg7 37. Bg4 Bxb2+ 38. Qxb2 Rxa2+ 0-1

[Event "Calvia op 1st"]
[Site "Calvia"]
[Date "2004.11.07"]
[Round "7"]
[White "Rodriguez Vila, Andres"]
[Black "Barsov, Alexei"]
[Result "1/2-1/2"]
[WhiteElo "2533"]
[BlackElo "2471"]
[PlyCount "97"]
[EventDate "2004.11.01"]
[EventType "swiss"]
[EventRounds "9"]
[EventCountry "ESP"]
[SourceTitle "EXT 2005"]
[Source "ChessBase"]
[SourceDate "2004.11.15"]
[SourceVersion "1"]
[SourceVersionDate "2004.11.15"]
[SourceQuality "1"]

1. e4 e6 2. d3 d5 3. Qe2 dxe4 4. dxe4 e5 5. Nf3 Nd7 6. Nbd2 Bc5 7. Nc4 Qe7 8.
Bg5 f6 9. Bd2 b6 10. c3 a5 11. a4 Bb7 12. g3 f5 13. Bg5 Ngf6 14. exf5 e4 15.
Nh4 e3 16. f3 O-O-O 17. O-O-O Ne5 18. Bg2 Rxd1+ 19. Rxd1 Nxc4 20. Qxc4 e2 21.
Re1 Be3+ 22. Bxe3 Qxe3+ 23. Kc2 Re8 24. Qd4 Nd5 25. Qxe3 Nxe3+ 26. Kd2 Nxg2 27.
Nxg2 Bxf3 28. Nf4 Rd8+ 29. Ke3 Rd1 30. Kf2 Bg4 31. f6 gxf6 32. h3 Bd7 33. b3
Rxe1 34. Kxe1 Bf5 35. b4 Kd7 36. Nd5 Bxh3 37. bxa5 bxa5 38. Nxf6+ Ke6 39. Nxh7
Bg4 40. Ng5+ Kd5 41. Kd2 Kc4 42. Ne4 Bf5 43. Nf6 c6 44. g4 Bg6 45. Nd7 e1=Q+
46. Kxe1 Kxc3 47. g5 Bf5 48. Ne5 c5 49. g6 1/2-1/2

[Event "Calvia op 1st"]
[Site "Calvia"]
[Date "2004.11.08"]
[Round "8"]
[White "Pogorelov, Ruslan"]
[Black "Rodriguez Vila, Andres"]
[Result "1-0"]
[WhiteElo "2439"]
[BlackElo "2533"]
[PlyCount "95"]
[EventDate "2004.11.01"]
[EventType "swiss"]
[EventRounds "9"]
[EventCountry "ESP"]
[SourceTitle "EXT 2005"]
[Source "ChessBase"]
[SourceDate "2004.11.15"]
[SourceVersion "1"]
[SourceVersionDate "2004.11.15"]
[SourceQuality "1"]

1. d4 e6 2. c4 Nf6 3. Nc3 Bb4 4. Qc2 O-O 5. e4 d5 6. e5 Ne4 7. a3 Bxc3+ 8. bxc3
c5 9. Bd3 cxd4 10. cxd4 Nc6 11. Ne2 Qa5+ 12. Kf1 Nb4 13. axb4 Qxa1 14. f3 f5
15. Qb1 Qa4 16. Bc2 Qc6 17. c5 b6 18. fxe4 fxe4+ 19. Ke1 Ba6 20. Nc3 bxc5 21.
bxc5 Qe8 22. Be3 Qg6 23. Rg1 Qh5 24. Qd1 Qh4+ 25. Kd2 Rab8 26. Kc1 Rb7 27. h3
Qd8 28. Kd2 Rbf7 29. Qg4 Qe7 30. Ra1 Bc4 31. Ra4 Bf1 32. Rb4 h5 33. Qg3 Qd8 34.
Qg6 Qh4 35. Qxe6 Kh8 36. Qxd5 Bxg2 37. Bxe4 Rf2+ 38. Bxf2 Rxf2+ 39. Kd1 Rf1+
40. Kc2 Bxe4+ 41. Qxe4 Qf2+ 42. Kb3 Qf8 43. e6 a5 44. Rb6 a4+ 45. Kc4 Rc1 46.
e7 Qf7+ 47. Re6 Qe8 48. Qg6 1-0

[Event "Calvia op 1st"]
[Site "Calvia"]
[Date "2004.11.09"]
[Round "9"]
[White "Rodriguez Vila, Andres"]
[Black "Palencia Morales, Guillermo Wilson"]
[Result "1/2-1/2"]
[WhiteElo "2533"]
[BlackElo "2329"]
[PlyCount "93"]
[EventDate "2004.11.01"]
[EventType "swiss"]
[EventRounds "9"]
[EventCountry "ESP"]
[SourceTitle "EXT 2005"]
[Source "ChessBase"]
[SourceDate "2004.11.15"]
[SourceVersion "1"]
[SourceVersionDate "2004.11.15"]
[SourceQuality "1"]

1. e4 e5 2. Nf3 Nc6 3. Bc4 Nf6 4. d3 Bc5 5. c3 Bb6 6. h3 h6 7. a4 a5 8. O-O d6
9. Be3 Ba7 10. Qb3 Qe7 11. Nbd2 g5 12. Nh2 Nh5 13. Qd1 Nf4 14. Bxf4 gxf4 15.
Qh5 Qf6 16. Ng4 Qg6 17. Qxg6 fxg6 18. Nf3 Bxg4 19. hxg4 g5 20. Rad1 Ke7 21. d4
h5 22. gxh5 g4 23. Nh4 Rxh5 24. g3 f3 25. Rfe1 Kf6 26. Bb5 Rah8 27. Rd3 Nb8 28.
Red1 Rxh4 29. gxh4 Rxh4 30. dxe5+ dxe5 31. Rd8 g3 32. Rf8+ Ke7 33. Rxf3 Bxf2+
34. Rxf2 gxf2+ 35. Kxf2 Rh2+ 36. Ke3 Rxb2 37. Rh1 c6 38. Rh7+ Kd6 39. Rxb7 Nd7
40. Bxc6 Rxb7 41. Bxb7 Nb6 42. Kd3 Kc5 43. Kc2 Nxa4 44. Kb3 Nb6 45. Ba6 Kd6 46.
Be2 Kc5 47. Ka3 1/2-1/2

[Event "Ayamonte Iberoamericano-A"]
[Site "Ayamonte"]
[Date "2004.11.12"]
[Round "2"]
[White "Rodriguez Vila, Andres"]
[Black "Hernandez, Gilberto"]
[Result "1-0"]
[WhiteElo "2533"]
[BlackElo "2502"]
[PlyCount "57"]
[EventDate "2004.11.11"]
[EventType "tourn"]
[EventRounds "9"]
[EventCountry "ESP"]
[EventCategory "11"]
[SourceTitle "EXT 2006"]
[Source "ChessBase"]
[SourceDate "2005.11.24"]
[SourceVersion "1"]
[SourceVersionDate "2005.11.24"]
[SourceQuality "1"]

1. e4 c5 2. Nc3 Nc6 3. Nge2 d6 4. d4 cxd4 5. Nxd4 Nf6 6. Be3 Ng4 7. Bb5 Nxe3 8.
fxe3 Bd7 9. O-O e6 10. Bxc6 bxc6 11. e5 Be7 12. exd6 Bxd6 13. Qh5 O-O 14. Ne4
Be7 15. Rad1 Qb6 16. Rf3 Be8 17. Rh3 h6 18. Rg3 Kh7 19. Rf1 f5 20. Rxg7+ Kxg7
21. Nxe6+ Kh7 22. Nxf8+ Bxf8 23. Qxf5+ Bg6 24. Nf6+ Kg7 25. Qe6 Bf7 26. Qg4+
Kh8 27. Qe4 Bg8 28. Nd7 Qb4 29. Qxc6 1-0

[Event "Ayamonte Iberoamericano-A"]
[Site "Ayamonte"]
[Date "2004.11.13"]
[Round "3"]
[White "Galego, Luis"]
[Black "Rodriguez Vila, Andres"]
[Result "0-1"]
[WhiteElo "2515"]
[BlackElo "2533"]
[PlyCount "86"]
[EventDate "2004.11.11"]
[EventType "tourn"]
[EventRounds "9"]
[EventCountry "ESP"]
[EventCategory "11"]
[SourceTitle "EXT 2006"]
[Source "ChessBase"]
[SourceDate "2005.11.24"]
[SourceVersion "1"]
[SourceVersionDate "2005.11.24"]
[SourceQuality "1"]

1. e4 e6 2. d4 d5 3. exd5 exd5 4. Nf3 Bg4 5. h3 Bh5 6. Be2 Bd6 7. O-O Ne7 8.
Nc3 c6 9. Ne5 Bxe2 10. Qxe2 O-O 11. Re1 Na6 12. a3 Nc7 13. Qg4 Qc8 14. Nf3 Qf5
15. Re2 Rae8 16. Bg5 f6 17. Bd2 h5 18. Qxf5 Nxf5 19. g4 Ne7 20. Rae1 Kf7 21.
Kg2 Rh8 22. Na2 Ng6 23. Rxe8 Nxe8 24. Nc1 Nc7 25. Nd3 Ne6 26. Be3 b6 27. b4
hxg4 28. hxg4 Nh4+ 29. Nxh4 Rxh4 30. Kf3 g5 31. Rg1 Nc7 32. a4 Ne8 33. Ra1 Ke6
34. b5 cxb5 35. axb5 Rh7 36. Ke2 Rc7 37. Kd1 Be7 38. f4 Nd6 39. f5+ Kf7 40. Nb4
Nc4 41. Nxd5 Rd7 42. Nxe7 Nxe3+ 43. Kd2 Rxe7 0-1

[Event "Ayamonte Iberoamericano-A"]
[Site "Ayamonte"]
[Date "2004.11.14"]
[Round "4"]
[White "Rodriguez Vila, Andres"]
[Black "Vera Gonzalez Quevedo, Reynaldo"]
[Result "0-1"]
[WhiteElo "2533"]
[BlackElo "2461"]
[PlyCount "73"]
[EventDate "2004.11.11"]
[EventType "tourn"]
[EventRounds "9"]
[EventCountry "ESP"]
[EventCategory "11"]
[SourceTitle "EXT 2006"]
[Source "ChessBase"]
[SourceDate "2005.11.24"]
[SourceVersion "1"]
[SourceVersionDate "2005.11.24"]
[SourceQuality "1"]

1. e4 c5 2. Nc3 e6 3. Nf3 Nc6 4. d4 cxd4 5. Nxd4 d6 6. Be3 Nf6 7. f3 Be7 8. Qd2
O-O 9. O-O-O d5 10. exd5 Nxd5 11. Nxd5 Qxd5 12. c4 Qd6 13. Bd3 Nb4 14. Bb1 Qa6
15. b3 Rd8 16. f4 e5 17. fxe5 Bg4 18. Rdf1 Nc6 19. Kb2 Bh5 20. Qc2 Bg6 21. Nf5
Ba3+ 22. Ka1 Qa5 23. c5 Bb4 24. Bc1 Bxc5 25. Bb2 Rd2 26. Qc3 Ba3 27. Qxd2 Qxd2
28. Bxa3 a5 29. Bb2 a4 30. bxa4 Rxa4 31. Rd1 Qa5 32. Rhf1 Bxf5 33. Bxf5 Rxa2+
34. Kb1 Rxb2+ 35. Kxb2 Qxe5+ 36. Kc1 g6 37. Bb1 0-1

[Event "Ayamonte Iberoamericano-A"]
[Site "Ayamonte"]
[Date "2004.11.15"]
[Round "5"]
[White "Zambrana, Oswaldo"]
[Black "Rodriguez Vila, Andres"]
[Result "1/2-1/2"]
[WhiteElo "2473"]
[BlackElo "2533"]
[PlyCount "41"]
[EventDate "2004.11.11"]
[EventType "tourn"]
[EventRounds "9"]
[EventCountry "ESP"]
[EventCategory "11"]
[SourceTitle "EXT 2006"]
[Source "ChessBase"]
[SourceDate "2005.11.24"]
[SourceVersion "1"]
[SourceVersionDate "2005.11.24"]
[SourceQuality "1"]

1. e4 c5 2. Nf3 Nc6 3. d4 cxd4 4. Nxd4 Qc7 5. Nc3 e6 6. g3 d6 7. Bg2 Nxd4 8.
Qxd4 Bd7 9. O-O Nf6 10. a4 a6 11. h3 Be7 12. Be3 O-O 13. a5 Rac8 14. Qd2 Bc6
15. Bb6 Qb8 16. Rfe1 Rfe8 17. Kh2 h6 18. Bd4 Qc7 19. Bb6 Qb8 20. Bd4 Qc7 21.
Bb6 1/2-1/2

[Event "Ayamonte Iberoamericano-A"]
[Site "Ayamonte"]
[Date "2004.11.19"]
[Round "9"]
[White "Teran Alvarez, Ismael"]
[Black "Rodriguez Vila, Andres"]
[Result "1-0"]
[WhiteElo "2431"]
[BlackElo "2533"]
[PlyCount "93"]
[EventDate "2004.11.11"]
[EventType "tourn"]
[EventRounds "9"]
[EventCountry "ESP"]
[EventCategory "11"]
[SourceTitle "EXT 2006"]
[Source "ChessBase"]
[SourceDate "2005.11.24"]
[SourceVersion "1"]
[SourceVersionDate "2005.11.24"]
[SourceQuality "1"]

1. e4 e6 2. d4 d5 3. Nc3 Bb4 4. e5 Ne7 5. a3 Bxc3+ 6. bxc3 b6 7. Qg4 Ng6 8. h4
h5 9. Qd1 Ba6 10. Bg5 Qc8 11. Ne2 c5 12. Rh3 Nf8 13. Nf4 Bxf1 14. Kxf1 g6 15.
Bf6 Rh7 16. Kg1 cxd4 17. cxd4 Qc4 18. Qd2 Nc6 19. Rc3 Qxd4 20. Qxd4 Nxd4 21.
Rc7 Nd7 22. c4 Nb3 23. Rd1 d4 24. Rd3 Ndc5 25. Re7+ Kf8 26. Nxg6+ fxg6 27. Rxh7
Nxd3 28. Rh8+ Kf7 29. Rxa8 Nb2 30. Rxa7+ Kf8 31. Ra8+ Kf7 32. Ra7+ Kf8 33. Be7+
Kg8 34. Bb4 d3 35. Rd7 Nc1 36. Bd2 Nb3 37. Bc3 Nxc4 38. Rxd3 Nc1 39. Rd8+ Kf7
40. Bb4 Nxe5 41. Rf8+ Kg7 42. Rc8 Ned3 43. Rc6 Kf6 44. Rxb6 Ke5 45. a4 Ne2+ 46.
Kf1 Nef4 47. Bd6+ 1-0

[Event "Mercosur Cup"]
[Site "Vicente Lopez"]
[Date "2005.07.14"]
[Round "1"]
[White "Garcia Palermo, Carlos H"]
[Black "Rodriguez Vila, Andres"]
[Result "0-1"]
[WhiteElo "2467"]
[BlackElo "2523"]
[PlyCount "51"]
[EventDate "2005.07.14"]
[EventType "tourn"]
[EventRounds "11"]
[EventCountry "ARG"]
[EventCategory "8"]
[SourceTitle "CBM 107 Extra"]
[Source "ChessBase"]
[SourceDate "2005.09.01"]
[SourceVersion "1"]
[SourceVersionDate "2005.09.01"]
[SourceQuality "1"]

1. d4 Nf6 2. Nf3 e6 3. g3 c5 4. e3 b6 5. Bg2 d5 6. O-O Be7 7. b3 O-O 8. Bb2 Nc6
9. Qe2 c4 10. Ne5 Nxe5 11. dxe5 Nd7 12. e4 Ba6 13. Nd2 Nc5 14. Qe3 cxb3 15.
Rfc1 bxc2 16. exd5 exd5 17. Rxc2 Ne6 18. Rd1 d4 19. Qe4 Rb8 20. Nf3 d3 21. Rcd2
Nc5 22. Qe3 Na4 23. Ba1 Bb4 24. Rxd3 Bxd3 25. Rxd3 Qc8 26. Ng5 0-1

[Event "Mercosur Cup"]
[Site "Vicente Lopez"]
[Date "2005.07.16"]
[Round "3"]
[White "Fernandez, Daniel"]
[Black "Rodriguez Vila, Andres"]
[Result "1-0"]
[WhiteElo "2406"]
[BlackElo "2523"]
[PlyCount "71"]
[EventDate "2005.07.14"]
[EventType "tourn"]
[EventRounds "11"]
[EventCountry "ARG"]
[EventCategory "8"]
[SourceTitle "CBM 107 Extra"]
[Source "ChessBase"]
[SourceDate "2005.09.01"]
[SourceVersion "1"]
[SourceVersionDate "2005.09.01"]
[SourceQuality "1"]

1. e4 e5 2. Nf3 Nc6 3. Bb5 a6 4. Ba4 Nf6 5. O-O b5 6. Bb3 Bc5 7. c3 d6 8. a4
Rb8 9. d4 Bb6 10. axb5 axb5 11. Na3 O-O 12. Nxb5 Bg4 13. d5 Ne7 14. Bc2 Nd7 15.
h3 Bh5 16. g4 Bg6 17. Na3 Nc5 18. Qe2 c6 19. b4 Nxe4 20. Bxe4 Bxe4 21. Qxe4
cxd5 22. Qe2 f5 23. Be3 fxg4 24. Ng5 Rf6 25. hxg4 Rg6 26. Bxb6 Rxb6 27. Nh3 Qc8
28. f3 Qxc3 29. Nb5 Qxb4 30. Ra8+ Kf7 31. f4 Qc5+ 32. Kg2 Rf6 33. Ng5+ Kg6 34.
Qd3+ e4 35. Qh3 Qc2+ 36. Kh1 1-0